005300000a220009700045001000025000002450091000253000051001165000016001675200204001837730045003871 aOsorio, Juan Esteban10aTodos los honores : Bogotá, capital Mundial del Libro e Iberoamericana de la Cultura aVol.0, núm.14 (Noviembre, 2006), Página 30 aPeriodista. aLa pregunta ronda en el aire desde que se conoció la noticia del nombramiento de Bogotá como Capital Mundial del Libro eIberoamericana de la Cultura. ¿Para qué sirven estos dos nombramientos?0 tArcadia / Andrés Felipe Solano, Editor